| 000 | 00509nam a22001817a 4500 | ||
|---|---|---|---|
| 999 |
_c6891 _d6891 |
||
| 003 | OSt | ||
| 005 | 20260318020002.0 | ||
| 008 | 210429b ||||| |||| 00| 0 eng d | ||
| 020 | _a0821348027 | ||
| 040 | _cDDC | ||
| 082 | _a353.4ANT 2000. | ||
| 100 |
_aThe world Bank. _96272 |
||
| 245 |
_aAnticorruption in Transition. _bA contribution to the policy Debate. |
||
| 260 |
_aWashington DC _bThe World Bank _c2000. |
||
| 300 |
_axxxi,101p; _bill; _c27cm |
||
| 650 |
_aCorruption _94206 |
||
| 942 |
_2ddc _cO_SHELF _01 |
||